Catalog

Record Details

Catalog Search



Tunneling to freedom : the great escape from ... Read More

Yomtov, Nelson,(author.).
Valdrighi, Alessandro,(illustrator.).

Available copies

  • 1 of 1 copy available at LARL/NWRL Consortium.

Current holds

0 current holds with 1 total copy.

Show Only Available Copies
Location Call Number / Copy Notes Barcode Shelving Location Status Due Date
Hallock Public Library j 940.5472 YOM (Text) 35500005862956 Main Available -

Record details

  • ISBN: 9781515735311 (library binding)
  • Physical Description: 32 pages : color illustrations ; 24 cm.
  • Publisher: North Mankato, Minnesota : Capstone Press, a capstone imprint, [2017]

Content descriptions

Bibliography, etc. Note:
Includes bibliographical references (pages 31-32) ... Read More
Formatted Contents Note:
Prisoners of the Nazis -- Breakout! -- Heroes all ... Read More
Summary, etc.:
"Story of men who tunneled to escape a German ... Read More
Target Audience Note:
Grades 4-6.
Ages 8-14.
Subject: Stalag Luft III > Comic books, strips, etc. > Juvenile literature.
Prisoner-of-war escapes > Comic books, strips, etc. > Juvenile literature.
Prisoners of war > United States > Comic books, strips, etc. > Juvenile literature.
World War, 1939-1945 > Prisoners and prisons, German > Comic books, strips, etc. > Juvenile literature.
LDR 02117cam a2200433 i 4500
001252787
003LARL_NWRL_CONSORTIUM
00520170418205239.0
008160927s2017 mnua j b 001 0 eng
010 . ‡a 2016040416
020 . ‡a9781515735311 (library binding)
020 . ‡z9781515735366 (pbk.)
040 . ‡aDLC ‡beng ‡cDLC ‡erda ‡dDLC
042 . ‡apcc
043 . ‡ae-pl--- ‡ae-gx--- ‡an-us---
08200. ‡a940.54/7243812 ‡223
1001 . ‡aYomtov, Nelson, ‡eauthor. ‡0(LARL_NWRL_CONSORTIUM)185827
24510. ‡aTunneling to freedom : ‡bthe great escape from Stalag Luft III / ‡cby Nel Yomtov ; [illustrated by Alessandro Valdrighi].
24630. ‡aGreat escape from Stalag Luft III
264 1. ‡aNorth Mankato, Minnesota : ‡bCapstone Press, a capstone imprint, ‡c[2017]
300 . ‡a32 pages : ‡bcolor illustrations ; ‡c24 cm.
336 . ‡atext ‡btxt ‡2rdacontent
337 . ‡aunmediated ‡bn ‡2rdamedia
338 . ‡avolume ‡bnc ‡2rdacarrier
4900 . ‡aGraphic library. Great escapes of World War II
5050 . ‡aPrisoners of the Nazis -- Breakout! -- Heroes all -- Glossary.
520 . ‡a"Story of men who tunneled to escape a German prisoner-of-war camp. Learn about the planners, task leaders, and key players of the escape from Stalag Luft III"-- ‡cProvided by publisher.
504 . ‡aIncludes bibliographical references (pages 31-32) and index.
5210 . ‡aGrades 4-6.
5211 . ‡aAges 8-14.
61020. ‡aStalag Luft III ‡vComic books, strips, etc. ‡vJuvenile literature.
650 0. ‡aPrisoner-of-war escapes ‡vComic books, strips, etc. ‡vJuvenile literature.
650 0. ‡aPrisoners of war ‡zUnited States ‡vComic books, strips, etc. ‡vJuvenile literature.
650 0. ‡aWorld War, 1939-1945 ‡xPrisoners and prisons, German ‡vComic books, strips, etc. ‡vJuvenile literature.
7001 . ‡aValdrighi, Alessandro, ‡eillustrator.
901 . ‡a252787 ‡b ‡c252787 ‡tbiblio

Additional Resources